Φορτώνει......

Introducing women's and gender studies - concept for everyday use

Λεπτομέρειες βιβλιογραφικής εγγραφής
Κύριος συγγραφέας: Catherine Orr
Έκδοση: Routledge
LEADER 00282 a2200085 4500
100 |a Catherine Orr 
245 |a Introducing women's and gender studies - concept for everyday use 
260 |b Routledge 
999 |c 125928  |d 125928 
952 |0 0  |1 0  |2 ddc  |4 0  |7 0  |9 94242  |a SSUS  |b SSUS  |d 2015-05-27  |r 2015-05-27  |w 2015-05-27